000 00643nam a2200241Ia 4500
001 36535
005 20240114001858.0
007 ta
008 070424s1947 a g b000 u 465 u
040 _aCotton College,Assam
041 _a465
082 _a759.3
_bR 743 L
100 _aRothenstein, Michael .
245 0 _aLooking at Paintings /
_cMichael Rothenstein.
_hTextual Documents
250 _a1st ed. /
260 _aLondon :
_bGeorge Routledge & Sons, Ltd ,
_c1947.
300 _a61p. :
_bill ;
_c22cm .
653 _aPaintings
653 _aG-Technology
942 _2ddc
_cBK
999 _c36517
_d36517